LEADER 01464nam 2200505 450 001 9910466942303321 005 20200520144314.0 010 $a2-8044-8837-3 035 $a(CKB)3820000000020090 035 $a(MiAaPQ)EBC4466351 035 $a(Au-PeEL)EBL4466351 035 $a(CaPaEBR)ebr11190757 035 $a(OCoLC)946263390 035 $a(EXLCZ)993820000000020090 100 $a20160513h20162016 uy 0 101 0 $afre 135 $aurcnu|||||||| 181 $2rdacontent 182 $2rdamedia 183 $2rdacarrier 200 00$aActualite?s de droit des familles /$fsous la direction de Didier Pire 210 1$aBruxelles, [Belgium] :$cE?ditions Larcier,$d2016. 210 4$d©2016 215 $a1 online resource (328 pages) 225 1 $aCommission Universite?-Palais (CUP) ;$vVolume 163 311 $a2-8044-8642-7 410 0$aCommission Universite?-Palais (Series) ;$vVolume 163. 606 $aDomestic relations 606 $aCivil law 606 $aProcedure (Law) 606 $aActions and defenses 608 $aElectronic books. 615 0$aDomestic relations. 615 0$aCivil law. 615 0$aProcedure (Law) 615 0$aActions and defenses. 676 $a346.015 702 $aPire$b Didier 801 0$bMiAaPQ 801 1$bMiAaPQ 801 2$bMiAaPQ 906 $aBOOK 912 $a9910466942303321 996 $aActualite?s de droit des familles$92009945 997 $aUNINA LEADER 01644nas 2200529-a 450 001 996251318803316 005 20230518213020.0 011 $a2154-3984 035 $a(DE-599)ZDB2262849-6 035 $a(OCoLC)60626854 035 $a(CKB)110978979779649 035 $a(CONSER)--2009263387 035 $a(EXLCZ)99110978979779649 100 $a20050614a19859999 --- a 101 0 $aeng 135 $aur||||||||||| 181 $ctxt$2rdacontent 182 $cc$2rdamedia 183 $acr$2rdacarrier 200 00$aCanadian journal of school psychology 210 $a[Thousand Oaks, CA] $cSage Publications 300 $aRefereed/Peer-reviewed 300 $aPublished by Sage on behalf of the Canadian Association of School Psychologists. 311 $a0829-5735 517 1 $aCJSP 531 0 $aCan. j. sch. psychol. 606 $aEducational psychology$vPeriodicals 606 $aPsychology$zCanada$vPeriodicals 606 $aPsychopédagogie$vPériodiques 606 $aPsychologie$zCanada$vPériodiques 606 $aEducational psychology$2fast$3(OCoLC)fst00903571 606 $aPsychology$2fast$3(OCoLC)fst01081447 607 $aCanada$2fast 608 $aPeriodicals.$2fast 615 0$aEducational psychology 615 0$aPsychology 615 6$aPsychopédagogie 615 6$aPsychologie 615 7$aEducational psychology. 615 7$aPsychology. 676 $a370.15 676 $a370.15/05 712 02$aCanadian Association of School Psychologists. 906 $aJOURNAL 912 $a996251318803316 996 $aCanadian journal of school psychology$92021095 997 $aUNISA LEADER 03537nam 2201105z- 450 001 9910743280103321 005 20230911 035 $a(CKB)5690000000228506 035 $a(oapen)doab113886 035 $a(EXLCZ)995690000000228506 100 $a20230920c2023uuuu -u- - 101 0 $aeng 135 $aurmn|---annan 181 $ctxt$2rdacontent 182 $cc$2rdamedia 183 $acr$2rdacarrier 200 00$aSensor Systems for Gesture Recognition II 210 $cMDPI - Multidisciplinary Digital Publishing Institute$d2023 215 $a1 online resource (254 p.) 311 08$a3-0365-8546-X 330 $aThis second Special Issue was compiled because of the interest demonstrated by the great success of the first Special Issue devoted to "Sensor Systems for Gesture Recognition".We believe this reprint acts as a meaningful window towards "Gesture Recognition" and the related sensors allowing the gathering of necessary data. 606 $aHistory of engineering & technology$2bicssc 606 $aTechnology: general issues$2bicssc 610 $aabnormal gait behavior 610 $aadaptive interactive game 610 $aartificial neural network 610 $abackground clutter 610 $abiomedical engineering 610 $acomputer vision 610 $adata glove 610 $adataset 610 $adeep learning 610 $adeep Q-network 610 $aelectromyography 610 $aemotion driven 610 $aemotion judgment system 610 $aensemble learning 610 $aextreme learning machine 610 $afootball 610 $aforce myography 610 $aforearm amputee 610 $afrequency emphasis 610 $ageneral movements 610 $agloss prediction 610 $agrasshopper optimization algorithm 610 $ahand gesture recognition 610 $ahand posture 610 $ahorse locomotion 610 $ahuman activity recognition 610 $ahuman-computer interactive 610 $aIMU 610 $ainertial measurement unit 610 $ainertial measurement units 610 $ainfant movement analysis 610 $ak-tournament selection 610 $amachine learning 610 $aMARG 610 $amarkerless 610 $aMIMU 610 $amotion analysis 610 $amovement disorders 610 $amulti-modal 610 $aOpenPose 610 $aorientation algorithm benchmarking 610 $aorientation estimation 610 $apattern recognition 610 $apose estimation 610 $apose-based approach 610 $arandom forest 610 $areinforcement learning 610 $aRGB-D 610 $asensor 610 $asensor fusion algorithm 610 $aset of optimal signal features 610 $aSiamese tracker 610 $asign language recognition 610 $asports technology 610 $asurface electromyography 610 $asurgical education 610 $asurgical skills assessment 610 $atest 610 $atracking drift 610 $atraining effect 610 $atrajectory reconstruction 610 $atransformer 610 $avirtual hand 610 $avisual feedback training 610 $avisual tracking 610 $aXGBoost 615 7$aHistory of engineering & technology 615 7$aTechnology: general issues 906 $aBOOK 912 $a9910743280103321 996 $aSensor Systems for Gesture Recognition II$93560319 997 $aUNINA